[Event "Challenge"]
[Site "http://www.queenalice.com/game.php?id=739651"]
[Date "2010.3.1"]
[Round "-"]
[White "HuGeRoOsTeR"]
[Black "Murderface"]
[Result "0-1"]
[WhiteElo "1362"]
[BlackElo "1984"]

1. e4 c6 2. Bc4 d5 3. Bd3 dxe4 4. Bxe4 Nf6 5. f3 Nxe4 6. fxe4 e6 7. Nf3 b6 8. d3
Ba6 9. Bg5 Be7 10. Bf4 Nd7 11. Nc3 O-O 12. O-O f5 13. Nd4 Bc5 14. Ne2 e5 15.
Bxe5 Nxe5 16. c3 Bxd3 17. b4 Bxe2 18. Qb3+ Bc4 19. Qd1 Bxd4+ 20. Qxd4 Bxf1 21.
Kxf1 fxe4+ 22. Ke2 Qxd4 23. cxd4 Ng4 24. Rf1 Nxh2 25. Rf2 Rxf2+ 26. Kxf2 Re8 27.
a4 Ng4+ 28. Kf1 e3 29. Ke2 Rf8 0-1

[Event "AUTO-INT-1626"]
[Site "http://www.queenalice.com/game.php?id=739726"]
[Date "2010.3.2"]
[Round "1"]
[White "HuGeRoOsTeR"]
[Black "RSRocha"]
[Result "0-1"]
[WhiteElo "1425"]
[BlackElo "1749"]

1. e4 c5 2. e5 Nc6 3. Qh5 e6 4. Nf3 d6 5. Bb5 Be7 6. O-O dxe5 7. d3 Nf6 8. Qg5
O-O 9. Nxe5 Nxe5 10. Qxe5 Bd6 11. Qc3 Ng4 12. g3 f5 13. Qc4 a6 14. Ba4 b5 15.
Bxb5 axb5 16. Qxb5 Rb8 17. Qc6 Bb7 18. Qb5 f4 19. Bxf4 Bxf4 20. gxf4 Qh4 21. Re1
Qxf2# 0-1

[Event "AUTO-INT-1626"]
[Site "http://www.queenalice.com/game.php?id=739727"]
[Date "2010.3.2"]
[Round "1"]
[White "RSRocha"]
[Black "HuGeRoOsTeR"]
[Result "1-0"]
[WhiteElo "1756"]
[BlackElo "1394"]

1. e4 e5 2. Nf3 Nc6 3. Bc4 Nf6 4. c3 Nxe4 5. d4 Nxf2 6. Kxf2 d5 7. Bb5 e4 8. Ne5
Qh4+ 9. g3 Qf6+ 10. Kg2 Bf5 11. Rf1 h5 12. h4 Bd6 13. Bg5 Bg4 14. Qd2 Bf3+ 15.
Kg1 Qf5 16. Nxc6 a6 17. Ne7+ c6 18. Nxf5 cxb5 19. Nxd6+ Kd7 20. Nxf7 Rhf8 21.
Ne5+ Ke6 22. Nxf3 Rxf3 23. Rxf3 exf3 24. Qf4 f2+ 25. Qxf2 Re8 26. Qe3+ Kf7 27.
Qxe8+ Kxe8 28. Nd2 Kd7 29. Re1 Kc7 30. Re7+ Kb8 31. Rxg7 Ka7 32. g4 hxg4 33. c4
bxc4 34. h5 a5 35. h6 a4 36. Nxc4 1-0

[Event "AUTO-INT-1626"]
[Site "http://www.queenalice.com/game.php?id=739728"]
[Date "2010.3.2"]
[Round "1"]
[White "HuGeRoOsTeR"]
[Black "Danado"]
[Result "0-1"]
[WhiteElo "1399"]
[BlackElo "1588"]

1. e4 e5 2. Nf3 f6 3. Bc4 a6 4. Nc3 c6 5. O-O Ne7 6. d3 d5 7. exd5 cxd5 8. Bb3
Bg4 9. Ba4+ Nbc6 10. Be3 d4 11. Qd2 Bxf3 12. gxf3 b5 13. Nxb5 dxe3 14. Qxe3 Nb4
15. Qc5 Nbc6 16. Nd6+ Kd7 17. c4 Qc7 18. Nf7 Rg8 19. f4 Nf5 20. Nxe5+ Kc8 21.
Qd5 Nxe5 22. Qxg8 Nf3+ 23. Kg2 N3h4+ 24. Kh3 Kb7 25. Qd5+ Ka7 26. Bc6 Rd8 27.
Qe4 Rc8 28. Bb7 Qxb7 29. Kg4 g6 30. Rae1 h5+ 31. Kh3 Qxe4 32. Rxe4 Nf3 33. Re6
Bg7 34. Rc1 N3d4 35. Re4 a5 36. c5 Rc6 37. a3 Bf8 38. b4 a4 39. Re8 Bh6 40. b5
Nxb5 0-1

[Event "AUTO-INT-1626"]
[Site "http://www.queenalice.com/game.php?id=739729"]
[Date "2010.3.2"]
[Round "1"]
[White "Danado"]
[Black "HuGeRoOsTeR"]
[Result "1-0"]
[WhiteElo "1596"]
[BlackElo "1391"]

1. e4 e5 2. h3 Nf6 3. Nc3 Nc6 4. Nf3 d5 5. exd5 Nxd5 6. Bb5 Bc5 7. Nxe5 O-O 8.
Nxc6 bxc6 9. Bxc6 Rb8 10. Bxd5 Rb4 11. O-O Rf4 12. d3 Bxf2+ 13. Rxf2 Rxf2 14.
Kxf2 Qf6+ 15. Bf3 Bb7 16. Kg1 Bxf3 17. Qxf3 Re8 18. Qxf6 gxf6 19. Nd5 Re1+ 20.
Kh2 Kg7 21. Nxc7 f5 22. Na6 Re6 23. Nc5 Rc6 24. d4 Kf8 25. Bf4 Ke7 26. Bg5+ f6
27. Re1+ Kf7 28. Bf4 Kg6 29. b4 a6 30. Re6 Rxe6 31. Nxe6 Kf7 32. Nc5 Ke7 33. d5
Ke8 34. Nxa6 h5 35. b5 Kd8 36. d6 h4 37. b6 Kc8 38. d7+ Kxd7 39. b7 Ke6 40. b8=Q
Kd5 41. Qb4 1-0

[Event "AUTO-INT-1626"]
[Site "http://www.queenalice.com/game.php?id=739730"]
[Date "2010.3.2"]
[Round "1"]
[White "HuGeRoOsTeR"]
[Black "tenentemurdock"]
[Result "0-1"]
[WhiteElo "1383"]
[BlackElo "1514"]

1. e4 e5 2. Nf3 Nc6 3. Nc3 Nf6 4. Bc4 Na5 5. Bd3 d6 6. O-O Be7 7. Bb5+ c6 8. Ba4
b5 9. Nxb5 cxb5 10. Bxb5+ Bd7 11. Bxd7+ Qxd7 12. d3 O-O 13. Ng5 h6 14. Nh3 g5
15. Bxg5 Ng4 16. Bd2 Nc6 17. f3 Nxh2 18. Kxh2 Qe6 19. f4 Kh7 20. f5 Qf6 21. b4
Nd4 22. c3 Nb5 23. c4 Nd4 24. g3 Rg8 25. Be3 Qg7 26. Rg1 f6 27. a4 a6 28. a5
Rab8 29. b5 axb5 30. a6 bxc4 31. dxc4 Rb2+ 32. Nf2 Ne2 33. Nd3 Nc3+ 0-1

[Event "AUTO-INT-1626"]
[Site "http://www.queenalice.com/game.php?id=739731"]
[Date "2010.3.2"]
[Round "1"]
[White "tenentemurdock"]
[Black "HuGeRoOsTeR"]
[Result "1-0"]
[WhiteElo "1525"]
[BlackElo "1372"]

1. e4 e5 2. Qh5 Ne7 3. Qxe5 Nc6 4. Qg5 Nd4 5. Bd3 g6 6. Qe5 d6 7. Qxh8 Bg4 8. f3
Nxc2+ 9. Bxc2 Nc6 10. fxg4 Nb4 11. Na3 Qh4+ 12. g3 Qxg4 13. d3 f5 14. Bh6 Ke7
15. Qxh7+ Kf6 16. Bxf8 Rxf8 17. Qxc7 Kg5 18. Bd1 Nxd3+ 19. Kf1 fxe4+ 20. Nf3+
exf3 21. Qe7+ Rf6 22. h4+ Kf5 23. Bc2 Qe4 24. Qxe4+ Kxe4 25. Nc4 f2 26. Nd2+ Ke3
27. Rd1 Ne1 28. Rxe1+ Kxd2 29. Re2+ Kc1 30. Bb3 Rf3 31. Kg2+ f1=Q+ 32. Rxf1+
Rxf1 33. Kxf1 b5 34. Ke1 a5 35. Rc2+ 1-0

[Event "AUTO-OPEN-1897"]
[Site "http://www.queenalice.com/game.php?id=739916"]
[Date "2010.3.2"]
[Round "1"]
[White "Markkim"]
[Black "HuGeRoOsTeR"]
[Result "0-1"]
[WhiteElo "1531"]
[BlackElo "1358"]

1. d4 d5 2. c4 dxc4 3. Nc3 Nc6 4. Nf3 Bf5 5. e4 Bg4 6. Be3 Qd6 7. Bxc4 e6 8. O-O
Nf6 9. h3 Be7 10. hxg4 Nxg4 11. e5 Nxe3 12. exd6 Nxd1 13. dxe7 Nxb2 14. Bb5 Kxe7
15. Rab1 a6 16. Bxc6 bxc6 17. Rxb2 f6 18. Rb7 Rhc8 19. Rfb1 g5 20. Ne4 h5 21.
Nc5 g4 22. Nh4 Kd6 23. Ng6 e5 24. Rc1 exd4 25. Nf4 Ke5 26. Nxh5 f5 27. Nb3 f4
28. Rxc6 f3 29. Rcxc7 fxg2 30. Kxg2 Rh8 31. Re7+ Kd6 32. Ng7 Rh3 33. Nf5+ Kd5
34. Rbd7+ Kc6 35. Nbxd4+ Kc5 0-1

[Event "AUTO-OPEN-1897"]
[Site "http://www.queenalice.com/game.php?id=739917"]
[Date "2010.3.2"]
[Round "1"]
[White "HuGeRoOsTeR"]
[Black "Markkim"]
[Result "1-0"]
[WhiteElo "1381"]
[BlackElo "1508"]

1. e4 c5 2. d4 cxd4 3. Qxd4 Nc6 4. Qd5 e6 5. Qh5 Nf6 6. Qg5 Nxe4 7. Qxd8+ Nxd8
8. Bb5 a6 9. Ba4 Bc5 10. Be3 O-O 11. Nf3 Bxe3 12. fxe3 b5 13. Bb3 Nc5 14. O-O
Nxb3 15. axb3 Bb7 16. Nbd2 Nc6 17. c4 Nb4 18. Nd4 Nd3 19. cxb5 axb5 20. Nxb5
Nxb2 21. Nd6 Rxa1 22. Rxa1 Bc6 23. N6c4 Nxc4 24. Nxc4 Bd5 25. Ne5 Bxb3 26. Nxd7
Rd8 27. h4 g6 28. h5 Rxd7 29. Ra8+ Kg7 30. g4 gxh5 31. gxh5 Rd5 32. Rb8 Rd3 33.
e4 Bd1 34. Kf1 Bxh5 35. Rb5 1-0

[Event "AUTO-OPEN-1897"]
[Site "http://www.queenalice.com/game.php?id=739936"]
[Date "2010.3.2"]
[Round "1"]
[White "marechaldoar"]
[Black "HuGeRoOsTeR"]
[Result "1-0"]
[WhiteElo "1996"]
[BlackElo "1425"]

1. e4 e5 2. f4 Qh4+ 3. g3 Qf6 4. Nc3 Bc5 5. Nd5 Qc6 6. Nf3 Bd6 7. a4 Nf6 8. Bb5
Qc5 9. b4 Qxb4 10. Nxb4 Bxb4 11. c3 O-O 12. cxb4 Nxe4 13. Nxe5 c6 14. Bd3 Nd6
15. Qh5 b5 16. Qxh7# 1-0

[Event "AUTO-OPEN-1897"]
[Site "http://www.queenalice.com/game.php?id=739937"]
[Date "2010.3.2"]
[Round "1"]
[White "HuGeRoOsTeR"]
[Black "marechaldoar"]
[Result "0-1"]
[WhiteElo "1360"]
[BlackElo "2058"]

1. e4 e5 2. Nf3 Nc6 3. Bd3 Bc5 4. O-O Nf6 5. Nc3 O-O 6. Nd5 d6 7. Bb5 Nxe4 8.
Bxc6 bxc6 9. Nc3 Nxc3 10. dxc3 Bg4 11. Bg5 f6 12. Bh4 g5 13. Bg3 e4 14. b4 Bb6
15. Qe2 exf3 16. gxf3 Bh3 17. Rfe1 Re8 18. Qd1 Rxe1+ 19. Qxe1 Qd7 20. f4 Re8 21.
Qd2 Qg7 22. Re1 Rxe1+ 23. Qxe1 gxf4 24. Qe8+ Qf8 25. Qxc6 fxg3 26. hxg3 Qe7 0-1

[Event "AUTO-OPEN-1897"]
[Site "http://www.queenalice.com/game.php?id=739946"]
[Date "2010.3.2"]
[Round "1"]
[White "widad"]
[Black "HuGeRoOsTeR"]
[Result "1-0"]
[WhiteElo "1512"]
[BlackElo "1422"]

1. e4 e5 2. Nf3 Nc6 3. Bc4 Bc5 4. d3 Nf6 5. Nc3 O-O 6. Bg5 b6 7. a3 Be7 8. h3 d6
9. Qd2 Nd4 10. Ne2 c6 11. Nfxd4 exd4 12. Nxd4 d5 13. Ba2 dxe4 14. Nxc6 Qd6 15.
Bxf6 Qxf6 16. dxe4 Bc5 17. Bd5 Bxf2+ 18. Qxf2 Qxf2+ 19. Kxf2 Be6 20. Rhd1 b5 21.
Ne7+ Kh8 22. Bxa8 Rxa8 23. Rd4 g5 24. Rad1 Re8 25. Rd8 Rxd8 26. Rxd8+ Kg7 27. g4
h6 28. Ke3 Kf6 29. Nc6 a6 30. e5+ Kg6 31. Ne7+ Kh7 32. Ke4 a5 33. Nd5 a4 34. Nc7
Bc4 35. Nd5 Bf1 36. Kf5 f6 37. Rd7+ Kg8 38. exf6 Bxh3 39. Rb7 h5 40. Kg6 Bxg4
41. Rb8+ Bc8 42. Rxc8# 1-0

[Event "AUTO-OPEN-1897"]
[Site "http://www.queenalice.com/game.php?id=739947"]
[Date "2010.3.2"]
[Round "1"]
[White "HuGeRoOsTeR"]
[Black "widad"]
[Result "0-1"]
[WhiteElo "1410"]
[BlackElo "1524"]

1. e4 c5 2. Bc4 Nc6 3. Nf3 h6 4. O-O e5 5. Nc3 Nf6 6. d3 Nd4 7. Nxe5 Ne6 8. f4
Nd4 9. Bxf7+ Ke7 10. Bc4 d6 11. Nf7 Qe8 12. Nxh8 g6 13. Re1 Be6 14. Bxe6 Nxe6
15. e5 dxe5 16. fxe5 Nd7 17. Nd5+ Kd8 18. a4 Bg7 19. Nf7+ Qxf7 20. c4 Nxe5 21.
b4 Nd7 22. Rb1 cxb4 23. Rxb4 b6 24. a5 Bd4+ 25. Be3 Bxe3+ 26. Rxe3 Ndc5 27. d4
Na6 28. axb6 Nxb4 29. Nxb4 Kc8 30. bxa7 Rxa7 31. d5 Ra2 32. Rf3 Qa7+ 33. Kf1 Ra1
34. dxe6 Rxd1+ 35. Ke2 Qd4 36. Rd3 Qg4+ 37. Rf3 Rb1 38. Nd3 Qxe6+ 39. Re3 Qxc4
40. Re8+ Kd7 41. Re3 Rb2+ 42. Kd1 Qc2+ 43. Ke1 Rb1+ 44. Nc1 Rxc1# 0-1

[Event "Challenge"]
[Site "http://www.queenalice.com/game.php?id=781097"]
[Date "2010.5.26"]
[Round "-"]
[White "Gesundheitengefangnis"]
[Black "HuGeRoOsTeR"]
[Result "1-0"]
[WhiteElo "1551"]
[BlackElo "1385"]

1. e4 e5 2. Nf3 Nc6 3. Bc4 Nf6 4. Ng5 Qe7 5. Bxf7+ Kd8 6. Bb3 d6 7. Nf7+ Ke8 8.
Nxh8 Nxe4 9. Bf7+ Kd7 10. d3 Qh4 11. dxe4 Qxe4+ 12. Be3 Nd4 13. O-O Nxc2 14. Nc3
Qf5 15. Rc1 Nb4 16. Bh5 Kd8 17. Nf7+ Ke7 18. Bg5+ Ke6 19. Bg4 Kxf7 20. Bxf5 Bxf5
21. Nd5 Nxa2 22. Rxc7+ Kg8 23. g4 Be4 24. Qb3 Rb8 25. Ne7+ Kh8 26. Qg8# 1-0

[Event "Challenge"]
[Site "http://www.queenalice.com/game.php?id=781098"]
[Date "2010.5.26"]
[Round "-"]
[White "HuGeRoOsTeR"]
[Black "Gesundheitengefangnis"]
[Result "0-1"]
[WhiteElo "1372"]
[BlackElo "1563"]

1. e4 e5 2. Nc3 Nc6 3. Nf3 Bc5 4. Bc4 d6 5. d3 Nf6 6. Bg5 h6 7. Bh4 Bg4 8. O-O
Qe7 9. Nb5 O-O 10. Qd2 a6 11. Nc3 b5 12. Bd5 Bd7 13. Ng5 Nd4 14. Bxa8 Rxa8 15.
Nd5 Nxd5 16. exd5 hxg5 17. Bxg5 f6 18. Bh4 c6 19. c3 Rf8 20. cxd4 Bxd4 21. dxc6
Bxc6 22. Rac1 Bd5 23. b3 Bxg2 24. Kxg2 d5 25. Rc6 Qb7 26. Rd6 b4 27. Rc1 Bc3 28.
Qc2 d4+ 29. f3 g5 30. Bg3 g4 31. Rf1 f5 32. Bxe5 Re8 33. Rg6+ Kf8 0-1

[Event "Let's Play Chess!"]
[Site "http://www.queenalice.com/game.php?id=801314"]
[Date "2010.7.11"]
[Round "-"]
[White "simpleknight"]
[Black "HuGeRoOsTeR"]
[Result "1-0"]
[WhiteElo "1856"]
[BlackElo "1376"]

1. d4 d5 2. h3 Nc6 3. Nf3 Nf6 4. Bf4 Nb4 5. c3 Nc6 6. e3 Bf5 7. Nbd2 e6 8. Be2
Bd6 9. Ne5 Ne4 10. Ndf3 O-O 11. O-O a5 12. g4 Bg6 13. Qa4 Nd2 14. Nxd2 f6 15.
Nxg6 Re8 16. Bxd6 Qxd6 17. Nf4 e5 18. Nxd5 Qxd5 19. e4 Qd6 20. d5 Na7 21. c4 Qb4
22. Qxb4 axb4 23. b3 b5 24. c5 Rad8 25. a4 c6 26. axb5 cxd5 27. Rxa7 dxe4 28.
Nxe4 Rf8 29. Bc4+ Kh8 30. Nd6 h6 31. Bd3 Kg8 32. Bg6 Rb8 33. b6 Rfd8 34. Nf5 Rd3
35. Rxg7+ Kf8 36. Rf7+ Ke8 37. Ng7+ Kd8 38. Ne6+ Kc8 39. Rc7# 1-0

[Event "Let's Play Chess!"]
[Site "http://www.queenalice.com/game.php?id=801597"]
[Date "2010.7.11"]
[Round "-"]
[White "Scaracioli"]
[Black "HuGeRoOsTeR"]
[Result "1-0"]
[WhiteElo "1622"]
[BlackElo "1392"]

1. e4 e5 2. Nf3 Nc6 3. d4 Bb4+ 4. c3 Ba5 5. Nxe5 Qe7 6. b4 Nxb4 7. cxb4 Bxb4+ 8.
Nd2 Qd6 9. Qb3 Nh6 10. a3 Ba5 11. Nxf7 1-0